Vplyv vonkajších podmienok na zápalnosť dreva a materiálov na báze dreva = Influence of external condition on ignition of wood and materials on the base of wood : Dizertačná práca

Salvato in:
Dettagli Bibliografici
Autore principale: Chrebet, Tomáš, 1984- (Autore)
Altri autori: Balog, Karol, 1949- (Relatore della tesi)
Natura: Manoscritto Libro
Lingua:slovacco
Pubblicazione: Trnava : STU v Bratislave MTF, 2010
Soggetti:
Tags: Aggiungi Tag
Nessun Tag, puoi essere il primo ad aggiungerne!!

MARC

LEADER 00000ntm a22000003a 4500
001 stu220711
005 20150617230120.3
008 110128s2010----xo------------------slo-d
040 |a STU  |b slo 
041 0 |a slo 
044 |a xo 
100 1 |a Chrebet, Tomáš,  |d 1984-  |4 aut  |u M5000  |U MTF Materiálovotechnologická fakulta  |T MTF Ústav bezpečnosti, environmentu a kvality  |X 28018  |U M5000  |Y 85  |7 A000028018 
245 1 |a Vplyv vonkajších podmienok na zápalnosť dreva a materiálov na báze dreva = Influence of external condition on ignition of wood and materials on the base of wood :  |b Dizertačná práca 
260 |a Trnava :  |b STU v Bratislave MTF,  |c 2010 
300 |a 138 s  |c príl 
500 |a MTF-10902-28018 
500 |a Študijný program: Integrovaná bezpečnosť 
500 |a Číslo a názov študijného odboru: 8.3.5 Bezpečnosť a ochrana zdravia pri práci 
650 7 |a lignocelulózové materiály  |2 stusub 
650 7 |a pyrolýza  |2 stusub 
650 7 |a zápalnosť  |2 stusub 
700 1 |a Balog, Karol,  |d 1949-  |4 ths  |u M5000  |U MTF Materiálovotechnologická fakulta  |T MTF Ústav bezpečnosti, environmentu a kvality  |X 243  |U M5000  |Y 85  |7 A000000243 
996 |b 284M079132  |c M*DzP-156  |l MMSKP  |s P  |a 0  |w stu220711_0001